Computer graphics / (Record no. 166000)

MARC details
000 -LEADER
fixed length control field 00683nam a22002057a 4500
005 - DATE AND TIME OF LATEST TRANSACTION
control field 20190709171417.0
010 ## - LCCN (DPL NO)
LC control number ENG-125872
020 ## - INTERNATIONAL STANDARD BOOK NUMBER
International Standard Book Number 9789384726614
Terms of availability 1595.00
035 ## - SYSTEM CONTROL NUMBER
System control number EN-109404
037 ## - SOURCE OF ACQUISITION
Source of stock number/acquisition DBAD/PUB
082 ## - DEWEY DECIMAL CLASSIFICATION NUMBER
Classification number 001.553
100 ## - MAIN ENTRY--PERSONAL NAME
Personal name Tripathy, B.K.
245 ## - TITLE STATEMENT
Title Computer graphics /
Statement of responsibility, etc by B.K.Tripathy [and] Chandra Mouli P.V.S.S.R.
260 ## - PUBLICATION, DISTRIBUTION, ETC. (IMPRINT)
Place of publication, distribution, etc New Delhi
Name of publisher, distributor, etc Ane Books
Date of publication, distribution, etc 2018
270 ## - ADDRESS
Address 4821, Parwana Bhawan, 1st Floor, 24 Ansari Road, Daryaganj
City New Delhi
Postal code 110002
Telephone number 011-23276843-44
Electronic mail address kapoor@anebooks.com
300 ## - PHYSICAL DESCRIPTION
Extent x,310p.
Dimensions 24cm(Hb)
500 ## - GENERAL NOTE
General note Includes index
700 ## - ADDED ENTRY--PERSONAL NAME
Personal name Chandra Mouli P.V.S.S.R.
942 ## - ADDED ENTRY ELEMENTS (KOHA)
Source of classification or shelving scheme Dewey Decimal Classification
Item type English Books
Classification part 001.553
Call number suffix TRI
Holdings
Withdrawn status Lost status Not for loan Collection code Home library Current library Date acquired Source of acquisition Cost, normal purchase price Full call number Barcode Copy number Cost, replacement price Koha item type
      Non-fiction Ashok Vihar Ashok Vihar 09/07/2019 DBAD/PUB 1595.00 001.553 TRI EN-109404 1 1595.00 English Books

© Delhi Public Library
Hit Counter
free hit counter